Normal view
MARC view
Entry Personal Name
001 - CONTROL NUMBER
- control field: 810326
003 - CONTROL NUMBER IDENTIFIER
- control field: OSt
005 - DATE AND TIME OF LATEST TRANSACTION
- control field: 20250522151645.0
008 - FIXED-LENGTH DATA ELEMENTS
- fixed length control field: 250522|| aca||aabn | a|a d
040 ## - CATALOGING SOURCE
- Original cataloging agency: OSt
- Transcribing agency: OSt
100 ## - HEADING--PERSONAL NAME
- Personal name: Bober, Tom
670 ## - SOURCE DATA FOUND
- Source citation: Work cat.: (OSt)1430911: Bober, Tom, Literature and primary sources:, 2024.
